Schnelle Mathematik - Addition Level 02 - Statistiken

Allgemein
  • Dieses Quiz wurde 334 mal gespielt
  • Das Durchschnittsergebnis liegt bei 20 aus 20
Antwortstatistiken
Frage Antwort % Korrekt
0+0 0
100%
0+1 1
100%
1+0 1
100%
0+10 10
100%
1+9 10
100%
2+8 10
100%
3+7 10
100%
4+6 10
100%
5+5 10
100%
6+4 10
100%
7+3 10
100%
8+2 10
100%
9+1 10
100%
10+0 10
100%
1+10 11
100%
2+9 11
100%
3+8 11
100%
4+7 11
100%
7+4 11
100%
8+3 11
100%
9+2 11
100%
10+1 11
100%
2+10 12
100%
4+8 12
100%
5+7 12
100%
6+6 12
100%
7+5 12
100%
8+4 12
100%
9+3 12
100%
10+2 12
100%
3+10 13
100%
4+9 13
100%
5+8 13
100%
6+7 13
100%
7+6 13
100%
8+5 13
100%
9+4 13
100%
10+3 13
100%
4+10 14
100%
5+9 14
100%
6+8 14
100%
7+7 14
100%
8+6 14
100%
9+5 14
100%
10+4 14
100%
5+10 15
100%
6+9 15
100%
7+8 15
100%
9+6 15
100%
10+5 15
100%
8+8 16
100%
9+7 16
100%
10+6 16
100%
7+10 17
100%
8+9 17
100%
9+8 17
100%
10+7 17
100%
8+10 18
100%
9+9 18
100%
10+8 18
100%
9+10 19
100%
0+2 2
100%
1+1 2
100%
2+0 2
100%
10+10 20
100%
0+3 3
100%
2+1 3
100%
3+0 3
100%
0+4 4
100%
1+3 4
100%
2+2 4
100%
3+1 4
100%
4+0 4
100%
0+5 5
100%
1+4 5
100%
2+3 5
100%
3+2 5
100%
4+1 5
100%
5+0 5
100%
0+6 6
100%
1+5 6
100%
2+4 6
100%
3+3 6
100%
4+2 6
100%
6+0 6
100%
0+7 7
100%
1+6 7
100%
3+4 7
100%
4+3 7
100%
5+2 7
100%
6+1 7
100%
7+0 7
100%
0+8 8
100%
1+7 8
100%
2+6 8
100%
3+5 8
100%
4+4 8
100%
5+3 8
100%
7+1 8
100%
8+0 8
100%
0+9 9
100%
1+8 9
100%
2+7 9
100%
4+5 9
100%
5+4 9
100%
6+3 9
100%
8+1 9
100%
9+0 9
100%
5+1 6
97%
3+6 9
97%
3+9 12
96%
8+7 15
96%
10+9 19
96%
1+2 3
96%
7+2 9
96%
5+6 11
95%
6+5 11
95%
6+10 16
95%
7+9 16
95%
2+5 7
95%
6+2 8
95%
Keine übereinstimmenden Quizze gefunden
Verteilung der Resultate
Anzahl Personen mit jedem Resultat
Perzentil nach korrekt beantworteten Fragen
Ihre Resultats-Entwicklung
Sie haben dieses Quiz noch nicht gespielt